Sports Quiz

Random Sports or NHL Quiz

Penguins playoff overtime goals Quiz Stats

 Plays Quiz not verified by Sporcle

Support Sporcle.
Go Orange.
Score 0/24 Timer 10:00
0 Plays Today
Goals Player % Correct
1 *Sidney Crosby
95.5%
4Jaromir Jagr
94.4%
1 *Evgeni Malkin
90.7%
1 *Conor Sheary
86.4%
1 *Patric Hornqvist
81.8%
1 *Nick Bonino
81.8%
1 *Kris Letang
77.8%
1 *Chris Kunitz
76.2%
1Kevin Stevens
75.9%
1Ron Francis
72.2%
1James Neal
71.4%
1Brooks Orpik
71.4%
Goals Player % Correct
2Marty Straka
63.9%
1Petr Sykora
59.3%
1 *Pascal Dupuis
59.3%
1Petr Nedved
56.5%
1Bill Guerin
55.6%
1Darius Kasparaitis
52.8%
1Marian Hossa
47.2%
1Rick Kehoe
43.5%
1Luc Robitaille
33.3%
1Phil Bourque
29.6%
1Michel Briere
18.5%
1George Ferguson
15.7%

You're not logged in!

Compare scores with friends on all Sporcle quizzes.
OR
Log In

From the Vault

Shakespeare Plays

by Matt

A quiz by any other name will smell as sweet...oh wait!
Remove Ads.
Support Sporcle.
Get the best of Sporcle when you Go Orange. This ad-free experience offers more features, more stats, and more fun while also helping to support Sporcle. Thank you for becoming a member.

Show Comments

Extras

Top Quizzes Today


Score Distribution

Your Account Isn't Verified!

In order to create a playlist on Sporcle, you need to verify the email address you used during registration. Go to your Sporcle Settings to finish the process.

Report this User

Report this user for behavior that violates our Community Guidelines.

Details: